Visualizzazione normale
Vista MARC
- Tech de Huidobro, Edith
di Personal Name
Records bibliografici associati: 1
001 - CONTROL NUMBER
- control field: 56120
003 - CONTROL NUMBER IDENTIFIER
- control field: IT-RoINE
005 - DATE AND TIME OF LATEST TRANSACTION
- control field: 20190116094754.0
008 - FIXED-LENGTH DATA ELEMENTS
- fixed length control field: 190116|| aca||aabn | a|a d
040 ## - CATALOGING SOURCE
- Original cataloging agency: IT-RoINE
- Transcribing agency: IT-RoINE
100 1# - HEADING--PERSONAL NAME
- Personal name: Tech de Huidobro, Edith
400 1# - SEE FROM TRACING--PERSONAL NAME
- Personal name: De Huidobro, Edith Tech
400 1# - SEE FROM TRACING--PERSONAL NAME
- Personal name: Huidobro, Edith Tech de
670 ## - SOURCE DATA FOUND
- Source citation: Work cat.: (IT-RoINE)0: Schmidt, Paul Wilhelm, 1845-1921 56116, Manual de historia comparada de las religiones :, 1947.